Looking Back, Looking Forward: Central and Eastern Europe 30 Years After the Fall of the Berlin Wall (Record no. 8857)

MARC details
000 -LEADER
fixed length control field 03414nam a22007457u 4500
001 - CONTROL NUMBER
control field pwiiw5059
003 - CONTROL NUMBER IDENTIFIER
control field OSt
005 - DATE AND TIME OF LATEST TRANSACTION
control field 20260516120057.0
008 - FIXED-LENGTH DATA ELEMENTS--GENERAL INFORMATION
fixed length control field 191107t2019 au ||||| |||| 00| ||eng d
040 ## - CATALOGING SOURCE
Transcribing agency OSt
041 ## - LANGUAGE CODE
Language code of text/sound track or separate title eng
084 ## - OTHER CLASSIFICATION NUMBER
Classification number E00
-- E02
-- F02
-- J11
-- P20
-- P30
-- O52
Number source jelc
100 1# - MAIN ENTRY--PERSONAL NAME
Personal name Gligorov, Vladimir
245 10 - TITLE STATEMENT
Title Looking Back, Looking Forward: Central and Eastern Europe 30 Years After the Fall of the Berlin Wall
260 ## - PUBLICATION, DISTRIBUTION, ETC.
Place of publication, distribution, etc. Wien :
Name of publisher, distributor, etc. Wiener Institut für Internationale Wirtschaftsvergleiche (wiiw),
Date of publication, distribution, etc. 2019.
300 ## - PHYSICAL DESCRIPTION
Extent 54 S.,
Other physical details 2 Tables and 29 Figures,
Dimensions 30cm.
490 1# - SERIES STATEMENT
Series statement wiiw Essays and Occasional Papers
Volume/sequential designation 4
520 ## - SUMMARY, ETC.
Summary, etc. To mark the 30th anniversary of the fall of the Berlin Wall, this paper aims to assess developments in Central, East and Southeast Europe (CESEE) over the past three decades, and to look forward to what the next 30 years might bring. First, we measure the convergence of per capita income, wages and life expectancy in CESEE with Western Europe since 1989, and examine demographic trends. We find that, after a difficult start, many countries have become significantly wealthier and their populations much healthier. However, for others, the outcomes of the first 30 years are less positive, and a large number of countries in CESEE have already experienced significant population decline. Second, our experts look back at the situation in 1989, and to what extent their expectations have played out, reflecting on both successes and disappointments. Third, we analyse current trends in the region, and attempt to project what will come next. Here, we focus on automation, digitalisation, institutions, demographics and geopolitics. We find evidence of institutional regression, demographic challenges, and a changing geopolitical backdrop that will have important implications for much of the region. However, we also see reasons for optimism, including the opportunities provided by digitalisation and automation, and an active civil society that could in time force positive change.<br/>
650 ## - SUBJECT ADDED ENTRY--TOPICAL TERM
Topical term or geographic name entry element CESEE
650 ## - SUBJECT ADDED ENTRY--TOPICAL TERM
Topical term or geographic name entry element Europe
650 ## - SUBJECT ADDED ENTRY--TOPICAL TERM
Topical term or geographic name entry element Central and Eastern Europe
650 ## - SUBJECT ADDED ENTRY--TOPICAL TERM
Topical term or geographic name entry element transition
650 ## - SUBJECT ADDED ENTRY--TOPICAL TERM
Topical term or geographic name entry element convergence
650 ## - SUBJECT ADDED ENTRY--TOPICAL TERM
Topical term or geographic name entry element demographics
651 ## - SUBJECT ADDED ENTRY--GEOGRAPHIC NAME
Geographic name Albania
651 ## - SUBJECT ADDED ENTRY--GEOGRAPHIC NAME
Geographic name Belarus
651 ## - SUBJECT ADDED ENTRY--GEOGRAPHIC NAME
Geographic name Bosnia and Herzegovina
651 ## - SUBJECT ADDED ENTRY--GEOGRAPHIC NAME
Geographic name Bulgaria
651 ## - SUBJECT ADDED ENTRY--GEOGRAPHIC NAME
Geographic name Central and East Europe
651 ## - SUBJECT ADDED ENTRY--GEOGRAPHIC NAME
Geographic name CIS
651 ## - SUBJECT ADDED ENTRY--GEOGRAPHIC NAME
Geographic name Croatia
651 ## - SUBJECT ADDED ENTRY--GEOGRAPHIC NAME
Geographic name Czechia
651 ## - SUBJECT ADDED ENTRY--GEOGRAPHIC NAME
Geographic name Estonia
651 ## - SUBJECT ADDED ENTRY--GEOGRAPHIC NAME
Geographic name European Union
651 ## - SUBJECT ADDED ENTRY--GEOGRAPHIC NAME
Geographic name Hungary
651 ## - SUBJECT ADDED ENTRY--GEOGRAPHIC NAME
Geographic name Kazakhstan
651 ## - SUBJECT ADDED ENTRY--GEOGRAPHIC NAME
Geographic name Kosovo
651 ## - SUBJECT ADDED ENTRY--GEOGRAPHIC NAME
Geographic name Latvia
651 ## - SUBJECT ADDED ENTRY--GEOGRAPHIC NAME
Geographic name Lithuania
651 ## - SUBJECT ADDED ENTRY--GEOGRAPHIC NAME
Geographic name Moldova
651 ## - SUBJECT ADDED ENTRY--GEOGRAPHIC NAME
Geographic name Montenegro
651 ## - SUBJECT ADDED ENTRY--GEOGRAPHIC NAME
Geographic name New EU Member States
651 ## - SUBJECT ADDED ENTRY--GEOGRAPHIC NAME
Geographic name North Macedonia
651 ## - SUBJECT ADDED ENTRY--GEOGRAPHIC NAME
Geographic name Poland
651 ## - SUBJECT ADDED ENTRY--GEOGRAPHIC NAME
Geographic name Romania
651 ## - SUBJECT ADDED ENTRY--GEOGRAPHIC NAME
Geographic name Russia
651 ## - SUBJECT ADDED ENTRY--GEOGRAPHIC NAME
Geographic name Serbia
651 ## - SUBJECT ADDED ENTRY--GEOGRAPHIC NAME
Geographic name Slovakia
651 ## - SUBJECT ADDED ENTRY--GEOGRAPHIC NAME
Geographic name Slovenia
651 ## - SUBJECT ADDED ENTRY--GEOGRAPHIC NAME
Geographic name Southeast Europe
651 ## - SUBJECT ADDED ENTRY--GEOGRAPHIC NAME
Geographic name Turkey
651 ## - SUBJECT ADDED ENTRY--GEOGRAPHIC NAME
Geographic name Ukraine
690 ## - LOCAL SUBJECT ADDED ENTRY--TOPICAL TERM (OCLC, RLIN)
Topical term or geographic name as entry element Macroeconomic Analysis and Policy
690 ## - LOCAL SUBJECT ADDED ENTRY--TOPICAL TERM (OCLC, RLIN)
Topical term or geographic name as entry element International Trade, Competitiveness and FDI
700 1# - ADDED ENTRY--PERSONAL NAME
Personal name Grieveson, Richard
700 1# - ADDED ENTRY--PERSONAL NAME
Personal name Havlik, Peter
9 (RLIN) 4
700 1# - ADDED ENTRY--PERSONAL NAME
Personal name Hunya, Gabor
9 (RLIN) 6
700 1# - ADDED ENTRY--PERSONAL NAME
Personal name Pindyuk, Olga
700 1# - ADDED ENTRY--PERSONAL NAME
Personal name Podkaminer, Leon
700 1# - ADDED ENTRY--PERSONAL NAME
Personal name Richter, Sandor
700 1# - ADDED ENTRY--PERSONAL NAME
Personal name Vidovic, Hermine
830 #0 - SERIES ADDED ENTRY--UNIFORM TITLE
Volume/sequential designation 4
Bibliographic record control number WIIW0000122
Title of a work wiiw Essays and Occasional Papers
856 40 - ELECTRONIC LOCATION AND ACCESS
Uniform Resource Identifier <a href="https://wiiw.ac.at/p-5059.html">https://wiiw.ac.at/p-5059.html</a>
942 ## - ADDED ENTRY ELEMENTS (KOHA)
Koha item type Paper
Holdings
Withdrawn status Lost status Damaged status Not for loan Home library Current library Shelving location Date acquired Inventory number Total Checkouts Barcode Date last seen Price effective from Koha item type
        WIIW WIIW Library 11/07/2019 pwiiw5059   1000010005059 11/07/2019 11/07/2019 Paper
The Vienna Instiute for International Economic Studies (wiiw)